000 00398nam a22001697a 4500
005 20180412115137.0
008 160526b xxu||||| |||| 00| 0 eng d
020 _a81-85989-96-2
041 _aeng
082 _b5081
_a346.066
100 _aAggarwal S.K.
_91277
245 _aCompany Law
260 _aNew Delhi
_bAcademic Faundation
300 _a421
650 _aManagement
_9241
942 _cBK
999 _c1778
_d1777